000
00223nam a22001097a 4500
082
_a
808.2 FOW'M
100
_a
FOWLES, JOHN
_9
79192
245
_a
THE MAGUS
260
_a
NEWYORK
_b
DELL
_c
1965
300
_a
605P
942
_c
BK
999
_c
584251
_d
584251